Ilfracombe Chill Spots - Statistics

General Stats
  • This quiz has been taken 11 times
  • The average score is 13 of 24
Answer Stats
Answer % Correct
Top Hut
100%
Bicci Hut
80%
Bottom Hut
80%
Square Bench
80%
Bandstand
60%
Benricks
60%
Blue Door
60%
Bouncy Grass
60%
Cow Lane
60%
Hex
60%
Hillsborough Hut
60%
Landmark
60%
Queen's
60%
War Mem
60%
Abandoned
40%
Beth's Flat
40%
Greenways
40%
Oxford Park
40%
Raparee Hut
40%
Subway Alley
40%
White Bench
40%
Back Of Capstone
20%
Back of Sandpiper
20%
Top Square bench
0%
No matching quizzes found
Score Distribution
Percent of People with Each Score
Percentile by Number Answered
Your Score History
You have not taken this quiz